Normal view
MARC view
- Qiusheng Wu
Entry Personal Name
001 - CONTROL NUMBER
- control field: 134455
003 - CONTROL NUMBER IDENTIFIER
- control field: NUST
005 - DATE AND TIME OF LATEST TRANSACTION
- control field: 20260514101115.0
008 - FIXED-LENGTH DATA ELEMENTS
- fixed length control field: 260514|| aca||aabn | a|a d
040 ## - CATALOGING SOURCE
- Original cataloging agency: NUST
- Transcribing agency: NUST
100 ## - HEADING--PERSONAL NAME
- Personal name: Qiusheng Wu
670 ## - SOURCE DATA FOUND
- Source citation: Work cat.: (NUST): Qiusheng Wu, Introduction to GIS Programming: A Practical Python Guide to Open Source Geospatial Tools /, 2025.
